Statystyki dla Najmniejsze miasta w Polsce na każdą literę alfabetu (A - Z)

Kliknij tutaj aby rozwiązać quiz!

Ogólne statystyki

  • Ten quiz został rozwiązany 25 razy
    (20 od ostatniego zresetowania)
  • Średni wynik to 2 z 25

Statystyki odpowiedzi

LiteraMiasto% Poprawnych
OOpatowiec
44%
AAndrychów
25%
FFrampol
25%
HHajnówka
25%
IIława
25%
EElbląg
19%
ŁŁask
13%
PPrzasnysz
13%
UUstka
13%
ŻŻary
13%
DDziałdowo
6%
LLipno
6%
MMława
6%
NNowe Miasto Lubawskie
6%
RRadziejów
6%
BBarczewo
0%
CCzarna Białostocka
0%
GGrabów nad Prosną
0%
JJanów Lubelski
0%
KKowalewo Pomorskie
0%
SSierpc
0%
ŚŚwiebodzin
0%
TTuchola
0%
WWęgrów
0%
ZZłocieniec
0%

Rozkład punktacji

Percentyl według liczby udzielonych odpowiedzi

Procent ludzi z każdym wynikiem

Twoja historia wyników

Nie rozwiązałeś tego quizu od ostatniego zresetowania